1893 1887 1449 1687 1276 1945 1852 1234 1102 1653 1008 1354 1354 1984 1338 1727 1521 1641 1178 1015 1806 1767 1223 1920 1215 1500 1900 1425 1584 1956 1833 1153 1295 1324 1123 1928 1300 1586 1695 1850 1077 1133 1203 1231 1967 1710 1870 1154 1658 1638 1818 1710 1259 1642 1802 1864 1841 1857 1555 1832 1275 1321 1404 1309 1954 1844 1512 1890 1851 1726 1022 1531 1586 1907 1476 1662 1279 1896 1459 1746 1150 1183 1143 1435 1605 1646 1750 1490 1565 1477 1134 1793 1122 1096 1893 1994 1432 1707 1251 BCNSPRNW ULIB Ver.6.0+V

เปลี่ยนเป็นภาษาไทย

Change to English
 แสดงรายละเอียดบรรณานุกรม
  กลับหน้าหลัก

Brief Record : Get Marc (ISO 2709) : E-mail record : QR code < ปิดหน้าต่าง
LEADER : 00000nam 2200000uu 4500
001    13399124704
003     ULIB
008    160119s2005||||th 000 0 eng d
020    ^a 9740466443
099    ^aวพ.HQ31^bC559ef
100 0  ^aChuntana Gasonbou,^d1974-
245 14 ^aThe effects of a participatory learning sexual health education program on self-efficacy of sexual health behaviors among 6th grade students =^bผลของโปรแกรมการสอนสุขภาพทางเพศแบบมีส่วนร่วมต่อการรับรู้ความสามารถของตนเองเกี่ยวกับพฤติกรรมสุขภาพทางเพศของนักเรียนชั้นประถมศึกษาปีที่ 6 /^cChuntana Gasonbou
246 31 ^aผลของโปรแกรมการสอนสุขภาพทางเพศแบบมีส่วนร่วมต่อการรับรู้ความสามารถ ของตนเองเกี่ยวกับพฤติกรรม สุขภาพทางเพศของนักเรียนชั้นประถมศึกษาปีที่ 6
260    ^a^c2005
300    ^av, 98 leaves ;^c30 ซม.
500    ^aSend to Single Search
502    ^aThesis (M.N.S. (Pediatric Nursing))--Mahidol University, 2005
591    ^aLICL has E-Thesis 0007 ; please contact Computer Services
610 20 ^aMahidol University^xDissertations
610 20 ^aMahidol University. ^bFaculty of Medicine Ramathibodi Hospital^xDissertations
650  0 ^aAdolescence^xSexual behavior
650  0 ^aSex education
650  0 ^aThesis
650  2 ^aSelf Efficacy
691    ^aM.N.S. (2005)
692    ^aAdult Nursing (Mahidol University 2005)
700 0  ^aRutja Phuphaibul,^eths
710 2  ^aMahidol University
710 2  ^aMahidol University. ^bFaculty of Medicine Ramathibodi Hospital
945    ^p0^l0^i000254
999    ^aเกษร โพธิ์สุวรรณ
รายการนี้ยังไม่มีแท็ก
คุณยังไม่ได้ล็อกอิน คุณสามารถมีกิจกรรมร่วมกับเว็บไซต์ได้ แต่ต้องล็อกอินก่อน ::
  ล็อกอิน

รายการสื่อสารสนเทศ

ลำดับที่ ประเภท เลขเรียก/บาร์โค้ด สถานที่ สถานะ
1. วิทยานิพนธ์
วิทยานิพนธ์
วพ.HQ31 C559ef ฉ.1 
  Barcode: 000254
ห้องสมุดวิทยาเขตสวรรค์ประชารักษ์
► วิทยานิพนธ์
บนชั้น

รายการใกล้เคียง
    หัวเรื่อง [Sex education]
    หัวเรื่อง [Thesis]
    หัวเรื่อง [Self Efficacy]

BibComment


ยังไม่เคยถูกคอมเมนท์

คอมเมนท์ทรัพยากรรายการนี้
  คอมเมนท์: The effects of a..


 Copyright 2026. Bcnsprnw @Library